Della papal capella per la festa dell'Immacolata concezione di Maria Vergine mache di Dio ultimamente da XI. S. Papa Benedetto XIV in perpetuo decretata, discorso istorico insieme, e panegirico, dato in luce da un divoto applauditore

Detalles Bibliográficos
Formato: Libro
Lenguaje:Undetermined
Latin
Publicado: in Padova : nella stamperia del Seminario, 1752.
Materias:
Colección:Banco de datos
Acervo:Biblioteca Palafoxiana. Colección bibliográfica
Descripción Física:166 p. ; 4°
Tema general:Pontífices
Notas:Número de localización: 16140-A, 16141-A
LEADER 00724nam a2200169Ia 4500
008 150723s9999 xx 000 0 und d
041 0 |a lat 
050 0 |a PAFX BX2030 D4 
245 1 0 |a Della papal capella per la festa dell'Immacolata concezione di Maria Vergine mache di Dio ultimamente da XI. S. Papa Benedetto XIV in perpetuo decretata, discorso istorico insieme, e panegirico, dato in luce da un divoto applauditore 
260 |a in Padova : nella stamperia del Seminario, 1752. 
300 |a 166 p. ; 4° 
500 |a Número de localización: 16140-A, 16141-A 
501 |a Encuadernado con 1 obra 
650 1 0 |a Pontífices 
942 |c PALALIB 
943 |g Biblioteca Palafoxiana. Colección bibliográfica 
999 |c 1057581  |d 1057581